banner-ar

صيانة صحيح مسلم من الاخلال والغلط وحمايته من الاسقاط والسقط / (Record no. 37358)

MARC details
000 -الفاتح
حقل البيانات ثابتة الطول 00870nam a2200205Ia 4500
008 - عناصر البيانات ثابتة الطول - معلومات عامة
حقل البيانات ثابتة الطول 140319s9999 xx 000 0 ara d
040 ## - مصدر الفهرسة
وكالة الفهرسة الأصلية GCL /
وكالة النسخ GCL
082 04 - رقم تصنيف ديوى العشرى
رقم التصنيف 235.2
رقم المادة ا ص
100 1# - المدخل الرئيسى - إسم شخصى
الإسم الشخصى موفق بن عبد الله بن عبد القادر
245 10 - بيان العنوان
العنوان صيانة صحيح مسلم من الاخلال والغلط وحمايته من الاسقاط والسقط /
بيان المسئوليه,etc موفق بن عبد الله بن عبد القادر
700 1# - المدخل الاضافى - اسم شخصى
الإسم الشخصى ابن الصلاح : تقى الدين ابوعمرو عثمان بن عبدالرحمن بن موسى الشهرزورى الدمشقى
700 1# - المدخل الاضافى - اسم شخصى
الإسم الشخصى موفق بن عبد الله عبد القادر (م
260 ## - PUBLICATION, DISTRIBUTION, ETC. (IMPRINT)
تاريخ النشر أو التوزيع 1987
300 ## - الوصف المادى
التعداد 359 ص
490 ## - بيان السلسلة
عنوان السلسلة
650 04 - المدخل الاضافى بالموضوع-مصطلح موضوعى
مصطلح موضوعي صحيح مسلم
650 04 - المدخل الاضافى بالموضوع-مصطلح موضوعى
مصطلح موضوعي الحديث، علوم
942 ## - عناصر المدخل الإضافي( كوها)
مصدر التصنيف او مخطط الترفيف Dewey Decimal Classification
Koha [default] item type كتاب
260 ## - PUBLICATION, DISTRIBUTION, ETC. (IMPRINT)
-- [S.N] :
-- دار الغرب الاسلامى ،
Holdings
حالة التراجع حالة الفقد حالة تلف ليس للاعارة المكان المؤقت الموقع الحالى تاريخ الاكتساب اجمالي اﻻعارات رقم الطلب الباركود تاريخ اخر مشاهدة تاريخ تفعيل السعر نوع وعاء كوها
        مكتبة القاهرة الكبرى مكتبة القاهرة الكبرى 03/26/2014   235.2\ا ص 91100 03/26/2014 03/26/2014 كتاب
        مكتبة القاهرة الكبرى مكتبة القاهرة الكبرى 03/26/2014   235.2\ا ص 91101 03/26/2014 03/26/2014 كتاب

Powered By

EGPV